Al final del arcoiris

Guardado en:
書目詳細資料
主要作者: Castro, Guillermo
格式: 圖書
語言:Undetermined
出版: San José, Costa Rica UNED 2000
主題:
標簽: 添加標簽
沒有標簽, 成為第一個標記此記錄!

MARC

LEADER 00000nam a2200000Ia 4500
008 170316s9999 xx 000 0 und d
040 |a cru BVZT 
090 |a 868 C-8.4a 
100 |a Castro, Guillermo 
245 |a Al final del arcoiris 
260 |a San José, Costa Rica 
260 |b UNED 
260 |c 2000 
300 |a 85 páginas 
650 |a COLECCIÓN VIEJA Y NUEVA NARRATIVA COSTARRICESNE 
650 |a LITERATURA COSTARRICESNE 
650 |a CUENTO  |9 19 
999 |c 10862  |d 10862 
942 |c 4 D  |h 868 C-8.4a  |2 z